书目信息 |
| 题名: |
能源国家标准及说明选编 1994-1997
|
|
| 作者: | 全国能源基础与管理标准化技术委员会 编 | |
| 分册: | ||
| 出版信息: | 北京 中国标准出版社 1998.05 |
|
| 页数: | 301页 | |
| 开本: | 16开 | |
| 丛书名: | ||
| 单 册: | ||
| 中图分类: | TK01-65 | |
| 科图分类: | ||
| 主题词: | 能源 | |
| 电子资源: | ||
| ISBN: | 7-5066-1591-6 | |
| 000 | 00707nam0 2200193 45 | |
| 001 | 0010020900 | |
| 005 | 20001002090524.2 | |
| 010 | @a7-5066-1591-6@d59.00元 | |
| 100 | @a20001002d1998 km y0chiy0120 ea | |
| 101 | 0 | @achi |
| 105 | @a z 000yy | |
| 200 | 1 | @a能源国家标准及说明选编 1994-1997@ANeng Yuan Guo Jia Biao Zhun Ji Shuo Ming Xuan Bian 1994-1997@f全国能源基础与管理标准化技术委员会编@FQuan Guo Neng Yuan Ji Chu Yu Guan Li Biao Zhun Hua Ji Shu Wei Yuan Hui Bian |
| 210 | @a北京@c中国标准出版社@d1998.05 | |
| 215 | @a301页@d16开 | |
| 606 | 0 | @a能源 |
| 690 | @aTK01-65@v3 | |
| 701 | 0 | @a全国能源基础与管理标准化技术委员会@4编 |
| 801 | @aCN@bPftUser@c20001002 | |
| 905 | @b160991-995@dTK01-65@eQ:553@f5 | |
| 能源国家标准及说明选编 1994-1997/全国能源基础与管理标准化技术委员会编.-北京:中国标准出版社,1998.05 |
| 301页;16开 |
| ISBN 7-5066-1591-6:59.00元 |
| ● |
| 相关链接 |
|
|
|
正题名:能源国家标准及说明选编1994-1997
索取号:TK01-65/Q:553
 
预约/预借
| 序号 | 登录号 | 条形码 | 馆藏地/架位号 | 状态 | 备注 |
| 1 | 160991 | 201609919 | 自科二线504/504自科库 43排2列6层/ [索取号:TK01-65/Q:553] | 在馆 | |
| 2 | 160992 | 201609928 | 自科二线504/504自科库 43排2列6层/ [索取号:TK01-65/Q:553] | 在馆 | |
| 3 | 160993 | 201609937 | 自科库501/501自科库 135排8列6层/ [索取号:TK01-65/Q:553] | 在馆 | |
| 4 | 160994 | 201609946 | 自科库501/501自科库 135排8列6层/ [索取号:TK01-65/Q:553] | 在馆 | |
| 5 | 160995 | 201609955 | 自科二线504/504自科库 43排2列6层/ [索取号:TK01-65/Q:553] | 在馆 |